书目信息 |
| 题名: |
中学心理教育
|
|
| 作者: | 彭贤智 编著 | |
| 分册: | ||
| 出版信息: | 北京 中国铁道出版社 1999 |
|
| 页数: | 321页 | |
| 开本: | 20cm | |
| 丛书名: | ||
| 单 册: | ||
| 中图分类: | G44 | |
| 科图分类: | 38.14 | |
| 主题词: | 教育心理学--中学 | |
| 电子资源: | ||
| ISBN: | 7-113-03343-1 | |
| 000 | 00630nam2 2200229 45 | |
| 001 | 0198030680 | |
| 005 | 20070730120235.75 | |
| 010 | @a7-113-03343-1@dCNY14.00 | |
| 100 | @a19980604d1999 em y0chiy0121 ea | |
| 101 | 0 | @achi |
| 102 | @aCN@b110000 | |
| 102 | @aCN@b510000 | |
| 105 | @ay z 000yy | |
| 200 | 10 | @a中学心理教育@Azhong xue xin li jiao yu@f彭贤智编著@Fpeng xian zhi bian zhu |
| 210 | @a北京@c中国铁道出版社@d1999 | |
| 215 | @a321页@d20cm | |
| 606 | @a教育心理学@x中学 | |
| 690 | @aG44@v3 | |
| 692 | @a38.14@v2 | |
| 701 | 0 | @a彭贤智@Apeng xian zhi@4编著 |
| 801 | 0 | @aCN@bTSSF@c20070730 |
| 905 | @a10447@dG44@e154 | |
| 中学心理教育/彭贤智编著.-北京:中国铁道出版社,1999 |
| 321页;20cm |
| ISBN 7-113-03343-1:CNY14.00 |
| ● |
| 相关链接 |
|
|
|
|
正题名:中学心理教育
索取号:G44/154
 
预约/预借
| 序号 | 登录号 | 条形码 | 馆藏地/架位号 | 状态 | 备注 |
| 1 | 0766383 | 207663839 | 密集书库/ [索取号:G44/154] | 在馆 | |
| 2 | 0770102 | 207701021 | 第一样本阅览室/ [索取号:G44/154] | 在馆 |